书目信息 |
| 题名: |
家的起源
|
|
| 作者: | 弗兰德斯 著 ;珍栎 译 | |
| 分册: | ||
| 出版信息: | 北京 三联书店 2020.07 |
|
| 页数: | 293页, [16] 页图版 | |
| 开本: | 23cm | |
| 丛书名: | 新知文库 | |
| 单 册: | ||
| 中图分类: | TU241-091 | |
| 科图分类: | ||
| 主题词: | 住宅--zhu zhai--建筑史--世界 | |
| 电子资源: | ||
| ISBN: | 978-7-108-06883-5 | |
| 000 | 01184nam 2200325 450 | |
| 001 | 0100028467 | |
| 005 | 20211025120159.0 | |
| 010 | @a978-7-108-06883-5@dCNY49.00 | |
| 100 | @a20201021d2020 em y0chiy50 ea | |
| 101 | 1 | @achi@ceng |
| 102 | @aCN@b110000 | |
| 105 | @aaf a 000yy | |
| 106 | @ar | |
| 200 | 1 | @a家的起源@Ajia de qi yuan@e西方居所五百年@f(英) 朱迪丝·弗兰德斯著@g珍栎译 |
| 210 | @a北京@c三联书店@d2020.07 | |
| 215 | @a293页, [16] 页图版@c彩图@d23cm | |
| 225 | 2 | @a新知文库@Axin zhi wen ku@v128 |
| 312 | @a原文题名取自封面 | |
| 314 | @a朱迪丝·弗兰德斯, 现为白金汉大学高级研究员。 | |
| 320 | @a有书目 (第276-293页) | |
| 330 | @a本书分七章, 内容包括: 家庭模式 ; 独享房间 ; 家与世界 ; 家具演变 ; 建筑神话 ; 炉灶和家 ; 家居网络。 | |
| 410 | 0 | @12001 @a新知文库@v128 |
| 500 | 10 | @aMaking of home : the 500-year story of how our houses became homes@mChinese |
| 517 | 1 | @a西方居所五百年@Axi fang ju suo wu bai nian |
| 606 | 0 | @a住宅@Azhu zhai@x建筑史@y世界 |
| 690 | @aTU241-091@v5 | |
| 701 | 1 | @a弗兰德斯@Afu lan de si@g(Flanders, Judith)@4著 |
| 702 | 0 | @a珍栎@Azhen li@4译 |
| 801 | 0 | @aCN@c20210909 |
| 905 | @a河南城建学院图书馆@dTU241-091@eF590 | |
| 家的起源:西方居所五百年/(英) 朱迪丝·弗兰德斯著/珍栎译.-北京:三联书店,2020.07 |
| 293页, [16] 页图版:彩图;23cm.-(新知文库;128) |
| ISBN 978-7-108-06883-5:CNY49.00 |
| 本书分七章, 内容包括: 家庭模式 ; 独享房间 ; 家与世界 ; 家具演变 ; 建筑神话 ; 炉灶和家 ; 家居网络。 |
| ● |
| 相关链接 |
|
|
|
正题名:家的起源
索取号:TU241-091/F590
 
预约/预借
| 序号 | 登录号 | 条形码 | 馆藏地/架位号 | 状态 | 备注 |
| 1 | 1545420 | 215454201 | 建筑库101/101建筑库 60排1列1层/ [索取号:TU241-091/F590] | 在馆 | |
| 2 | 1545421 | 215454210 | 建筑库101/101建筑库 60排1列1层/ [索取号:TU241-091/F590] | 在馆 |